|
|
|
|
| LEADER |
00000nam a2200000 i 4500 |
| 001 |
DIGUAZUAY0054 |
| 003 |
NyNyDIG |
| 007 |
cr ||||||||||| |
| 008 |
260116s2018 ec o ob 000 0 spa d |
| 006 |
m o d |
| 035 |
|
|
|a (OCoLC)1420742082
|
| 040 |
|
|
|a DGITA
|b eng
|e rda
|e pn
|c DGITA
|
| 020 |
|
|
|a 9789942778482
|q eBook
|
| 020 |
|
|
|z 9789942778475
|
| 043 |
|
|
|a s-ec---
|
| 050 |
1 |
4 |
|a LE46.A8 ebook
|
| 100 |
1 |
|
|a Cordero Iñiguez, Juan,
|e author.
|
| 245 |
1 |
0 |
|a Universidad del Azuay :
|b nuestros primeros veinticinco años : historia & testimonio /
|c Juan Cordero Íñiguez.
|
| 246 |
3 |
|
|a Universidad del Azuay :
|b nuestros primeros 25 años : historia y testimonio
|
| 264 |
|
1 |
|a Cuenca, Ecuador :
|b Universidad del Azuay, Casa Editora,
|c [2018]
|
| 300 |
|
|
|a 1 online resource :
|b photographs.
|
| 336 |
|
|
|a text
|b txt
|2 rdacontent
|
| 337 |
|
|
|a computer
|b c
|2 rdamedia
|
| 338 |
|
|
|a online resource
|b cr
|2 rdacarrier
|
| 347 |
|
|
|a text file
|2 rdaft
|
| 347 |
|
|
|b PDF
|
| 504 |
|
|
|a Includes bibliographical references.
|
| 588 |
0 |
|
|a Online resource; title from PDF title page (Digitalia, viewed January 16, 2026)
|
| 610 |
2 |
0 |
|a Universidad del Azuay
|x History.
|
| 650 |
|
0 |
|a Universities and colleges
|z Ecuador.
|
| 791 |
2 |
|
|a Digitalia (Firm),
|e distributor.
|
| 793 |
0 |
|
|g Digitalia eBook Collection:
|a Universidad del Azuay
|
| 776 |
0 |
8 |
|i Print version:
|a Cordero Iñiguez, Juan.
|t Universidad del Azuay.
|d Cuenca, Ecuador : Universidad del Azuay, Casa Editora, [2018]
|z 9789942778475
|
| 856 |
4 |
0 |
|3 Digitalia Hispánica
|u https://www.digitaliapublishing.com/a/133437/
|
| 910 |
|
|
|a Premium collection: 2026
|